Представление документа в формате RUSMARC

ПолеНазваниеЗначение
  Тип записи a
  Библиографический уровень m
001 Контрольный номер RU/IS/BASE/318422296
005 Дата корректировки 20201206204713.9
010 Индекс ISBN __
a ISBN 978-5-93381-280-7
d Цена 314-00; 343-53
101 Язык документа __
a Язык текста rus
c Язык оригинала eng
200 Заглавие и сведения об ответственности 1_
a Заглавие История Испании
e Сведения, относящиеся к заглавию для юных
f Первые сведения об ответственности Фредерик Обер ; пер. с англ. Арама Яврумяна
b Общее обозначение материала Текст
210 Выходные данные __
a Место издания М.
c Издательство Б.С.Г.-Пресс
d Дата издания 2009
215 Физическое описание __
a Объем 380, [11] с.
c Иллюстрации/тип воспроизводства ил.
330 Аннотация __
a Аннотация История страны Испании - специально для юных читателей - была написана в 1912 году и очень скоро, став популярной. Ибо в ней удачно сочетаются азартность и обстоятельность: отдавая дань романтизму, которым овеяны многие страницы истории Испании, Обер раскрывает подоплеку происходившего на множество разнообразных и примечательных фактов.
600 Персоналии __
a Персоналии (Фамилия) Фердинанд
600 Персоналии __
a Персоналии (Фамилия) Изабелла
600 Персоналии __
a Персоналии (Фамилия) Филипп
600 Персоналии __
a Персоналии (Фамилия) Карл
600 Персоналии __
a Персоналии (Фамилия) Бурбоны
600 Персоналии __
a Персоналии (Фамилия) Карл
600 Персоналии __
a Персоналии (Фамилия) Наполеон Бонапарт
600 Персоналии __
a Персоналии (Фамилия) Фердинанд
600 Персоналии __
a Персоналии (Фамилия) Изабелла
600 Персоналии __
a Персоналии (Фамилия) Альфонс
606 Тематические рубрики __
a Основная рубрика История
606 Тематические рубрики __
a Основная рубрика История Европы в целом
y Географическая подрубрика Испания; Гранада
610 Ключевые слова __
a Ключевые слова историческая литература; персоналии; финикийцы; карфагеняне; исторические факты; готы; королевства; история страны; испанская культура; героизм; мавры; персоналии; короли; исторические деятели; государственные деятели; войны; испанские войны; история войн; родословные; родословные схемы; генеалогия; генеалогическое древо
686 Индексы других классификаций __
a Классификационный индекс 63.3(4Исп); ст63.3(4Исп)
700 Автор _1
a Фамилия Обер
b Имя Ф.
g Полное личное имя фредерик
4 Код отношения 070
801 Источник записи _0
a Страна RU
b Организация Муниципальное бюджетное учреждение культуры "Централизованная библиотечная система" г. Сургут (Центральная городская библиотека им. А. С. Пушкина)
g Правила каталогизации КиК/Поспелова
801 Источник записи _1
a Страна RU
b Организация Муниципальное бюджетное учреждение культуры "Централизованная библиотечная система" г. Сургут (Центральная городская библиотека им. А. С. Пушкина)
g Правила каталогизации КиК/Поспелова
852 Данные о местонахождении __
j Шифр хранения 63.3(4Исп)
c Каталожный индекс 63.3(4Исп)
i Авторский знак О-13
901 Тип документа __
t Тип документа m
903 Характеристики (МАРС) __
a Дата передачи 20100204
990 Данные о заказе (DOS) __
j Количество экземпляров (DOS) 11
t N записи в КСУ для И/У (DOS) 201002